000 01031cam a2200265 4500
008 010823n2001 000 0 eng u
020 _a0415231833
035 _a(Sirsi) u114316
050 _a711.552
100 _aEchenique, M.
_xEditor
245 _aCities for the new millennium
260 _aLondon
_bSpon
_c2001
300 _aix,182p.
_bill
_c28cm.
350 _a32.50
520 _aThis series of papers is the outcome of the joint RIBA and University of Cambridge Department of Architecture conference "CITY 2K+" held in Salford in July 2000. The texts, by a number of leading academics and practitioners and following the model of the conference, are arranged in five sections: compaction; dispersal; regeneration; technical issues; and lessons from history.
650 _aCITIES
650 _aCITY CENTRES
650 _aTOWN PLANNING
650 _aURBAN PLANNING
650 _aURBAN REGENERATION
650 _aURBAN RENAISSANCE
690 _aREGENERATION
700 _aSaint, A.
_xEditior
942 _n0
999 _c101613
_d101613